000 01235cam a2200397 i 4500
999 _c200429981
_d47907
001 200429981
003 TR-AnTOB
005 20251226090214.0
007 ta
008 131217s2012 tu e b 000 0 tur d
010 _a2013326859
020 _a9789754646221
035 _a(OCoLC)ocn856983570
035 _a(OCoLC)856983570
040 _aNjP
_beng
_erda
_dOCLCO
_cPUL
_dDLC
_dTR-AnTOB
041 0 _atur
042 _alccopycat
043 _aa-tu---
050 0 0 _aKKX1771
090 _aKKX1771
_b.T66 2012
100 1 _aTopuz, Gökçen
_eauthor
_9120637
245 1 0 _aMedeni usul hukukunda karinelerle ispat /
_cYrd. Doç. Dr. Gökçen Topuz.
246 3 0 _aKarinelerle ispat
264 1 _aAnkara :
_bYetkin Yayınları,
_c2012.
264 4 _c©2012
300 _a192 pages ;
_c24 cm.
336 _atext
_2rdacontent
337 _aunmediated
_2rdamedia
338 _avolume
_2rdacarrier
504 _aIncludes bibliographical references (pages 17-26).
650 7 _aMedeni hukuk
_zTürkiye
_2etuturkob
_97805
650 7 _aDelil (Hukuk)
_zTürkiye
_2etuturkob
_9120636
856 4 1 _3Table of contents only
_uhttp://www.loc.gov/catdir/toc/fy14pdf03/2013326859.html
942 _2lcc
_cBK